Easy General Knowledge Trivia #4 - Statistics

General Stats
  • This quiz has been taken 1,067 times
  • The average score is 13 of 15
Answer Stats
Hint Answer % Correct
What is the color of the dot in the centre of the Japanese flag? Red
99%
Which mass media company produced the films Aladdin and The Lion King? Disney
94%
Which fictional princess, with the help of her fairy godmother, attends the Royal Ball? Cinderella
93%
What popular US sitcom features characters Rachel, Joey and Ross? Friends
93%
Who wrote the novel series Harry Potter? J. K. Rowling
92%
Who is the fastest man in the world? Usain Bolt
91%
Who came up with the equation E = mc2? Albert Einstein
90%
Which sport features four bases in the shape of a diamond? Baseball
89%
What is the largest country in South America by area? Brazil
89%
Which professional boxer, nicknamed 'The Greatest', passed away on the 3rd June 2016? Muhammed Ali
87%
Which country has the smallest population in the world? Vatican City
83%
What is the most common surname in the United Kingdom? Smith
81%
What instrument did Louis Armstrong famously play? Trumpet
77%
Which group of people burried the dead in pyramids? Ancient Egyptians
75%
Which word can be placed before bottle, bell and bird? Blue
52%
No matching quizzes found
Score Distribution
Percent of People with Each Score
Percentile by Number Answered
Your Score History
You have not taken this quiz